000
00227 a2200097 4500
001
15436
100
_a
Taylor, J.W.R
245
_a
Jane's all the world Aircraft-63-64
260
_a
London
_b
Sampson Low
_c
090
_c
12060
_d
12060
942
_a
NUST-CAE
_c
M
_c
2293
999
_c
250509
_d
250509